000 00504nam a2200217Ia 4500
003 OSt
005 20220918191106.0
006 a|||||r|||| 00| 0
007 ta
008 220917b |||||||| |||| 00| 0 eng d
024 _a61,419
037 _cTextual
040 _aARTS
_cARTS
_beng
041 _2eng
_aeng
082 _aQ6:21, H9 (=)
245 0 _aBible in basic English
260 _c1949
650 _aRELIGION
942 _hQ6:21, H9 (=)
_cTEXL
_2CC
999 _c188271
_d188271